00672 2200193 4500001002100000005001500021035002000036007000300056008004100059082001200100084001800112100002800130245011200158260004600270300004000316650003700356600006900393990001600462INLIS00000000000105120241008103806 a0010-1024000021ta241008 g 0 ind  a630.206 a630.206 BAD p0 aBadan Litbang Pertanian1 aPedoman Umum :bPengelolaan Kebun Percobaan (KP) lingkup Badan Litbang Pertanian /cBadan Litbang Pertanian aJakarta :bBadan Litbang Pertanian,c2011 a23 hlm, :bilus, ;c21 cm X 29,5 cm 4aPengelolaan Kebun Percobaan (KP) 4aPengelolaan Kebun Percobaan (KP) lingkup Badan Litbang Pertanian a00000001130